Geography Thirteen - Statistics

General Stats
  • This quiz has been taken 82 times
  • The average score is 18 of 25
Answer Stats
Hint Answer % Correct
9) The capital of the Philippines is? Manila
99%
4) Rabat is the capital of which country? Morocco
97%
8a) Name the 3 countries in Europe that drive on the 'Left'? United Kingdom
97%
2c) " " Vanuatu
93%
2d) " " Vatican
92%
2b) " " Venezuela
91%
5) 'ciinnossw' is the alphabetical anagram for which US State? Wisconsin
89%
16) The nearest country to the island of Malta is? Italy
88%
2a) Name the 4 countries whose names begin with 'V'? Vietnam
86%
8b) " " Malta
85%
8c) " " Ireland
84%
3) Which country has the longest border with Greece? Bulgaria
80%
15) What river runs through Rome? The Tiber
69%
6) Where did the iceberg that sank the Titanic come from? Greenland
62%
18a) Name the '3 countries' whose names have 4 letters only and have capital cities with 4 letters only? Peru, Lima
61%
18b) " " Togo, Lome
61%
18c) " " Fiji, Suva
59%
17) The smallest nation in continental mainland of Africa is ? The Gambia
59%
12) The Taurus Mountains are in the south of which country? Turkey
59%
14) 'Hip Washermen' is an anagram for which US State? New Hampshire
50%
1) Name the island from the satellite photo given above? Tasmania
49%
13) What is the Southernmost capital city in Asia? Dili
47%
7) What is the most southerly island in Europe? Gavdos Island / Crete
47%
10) What is the most populous city in 'Asian Russia'? Novosibirsk
30%
11) Treasure Island, also known as Mindemoya, the "World's largest island in a lake on an island in a lake" is in which major lake? Lake Huron
22%
No matching quizzes found
Score Distribution
Percent of People with Each Score
Percentile by Number Answered
Your Score History
You have not taken this quiz